<?xml version="1.0" encoding="UTF-8"?>
<record
    xmlns:xsi="http://www.w3.org/2001/XMLSchema-instance"
    xsi:schemaLocation="http://www.loc.gov/MARC21/slim http://www.loc.gov/standards/marcxml/schema/MARC21slim.xsd"
    xmlns="http://www.loc.gov/MARC21/slim">

  <leader>01073nac a22001931u 4500</leader>
  <controlfield tag="008">101111s1964xxu||||| |||  00| 00| 0 ara  </controlfield>
  <datafield tag="082" ind1=" " ind2=" ">
    <subfield code="a">370.3</subfield>
    <subfield code="b">&#x62F; &#x64A; &#x648;</subfield>
  </datafield>
  <datafield tag="100" ind1="1" ind2=" ">
    <subfield code="a">&#x62F;&#x64A;&#x648;&#x649; &#x60C; &#x62C;&#x648;&#x646;</subfield>
    <subfield code="9">13681</subfield>
  </datafield>
  <datafield tag="245" ind1=" " ind2=" ">
    <subfield code="a">&#x642;&#x627;&#x645;&#x648;&#x633; &#x62C;&#x648;&#x646; &#x62F;&#x64A;&#x648;&#x649; &#x644;&#x644;&#x62A;&#x631;&#x628;&#x64A;&#x629;  :</subfield>
    <subfield code="b">&#x645;&#x62E;&#x62A;&#x627;&#x631;&#x627;&#x62A; &#x645;&#x646; &#x645;&#x624;&#x644;&#x641;&#x627;&#x62A;&#x647; /</subfield>
    <subfield code="c">&#x62C;&#x648;&#x646; &#x62F;&#x64A;&#x648;&#x649; &#x61B; &#x62C;&#x645;&#x639;&#x647;&#x627; &#x631;&#x627;&#x644;&#x641; &#x646;. &#x648;&#x64A;&#x646; &#x61B; &#x62A;&#x631;&#x62C;&#x645;&#x629; &#x648;&#x62A;&#x642;&#x62F;&#x64A;&#x645; &#x645;&#x62D;&#x645;&#x62F; &#x639;&#x644;&#x649; &#x627;&#x644;&#x639;&#x631;&#x64A;&#x627;&#x646; </subfield>
  </datafield>
  <datafield tag="260" ind1=" " ind2=" ">
    <subfield code="a">&#x627;&#x644;&#x642;&#x627;&#x647;&#x631;&#x629; :</subfield>
    <subfield code="b">&#x645;&#x643;&#x62A;&#x628;&#x629; &#x627;&#x644;&#x623;&#x646;&#x62C;&#x644;&#x648; &#x627;&#x644;&#x645;&#x635;&#x631;&#x64A;&#x629; &#x60C;1964</subfield>
    <subfield code="c">1964.</subfield>
  </datafield>
  <datafield tag="300" ind1=" " ind2=" ">
    <subfield code="a">229 &#x635; &#x61B;</subfield>
    <subfield code="c">24 &#x633;&#x645;.</subfield>
  </datafield>
  <datafield tag="500" ind1=" " ind2=" ">
    <subfield code="a">&#x62A;&#x631;&#x62C;&#x645;&#x629; &#x644;&#x643;&#x62A;&#x627;&#x628; "Dictionary of Education/ John Dewey; edited by Ralph B. Winn.</subfield>
  </datafield>
  <datafield tag="511" ind1=" " ind2=" ">
    <subfield code="a">Catalogued by: Sara</subfield>
  </datafield>
  <datafield tag="650" ind1=" " ind2=" ">
    <subfield code="a">&#x627;&#x644;&#x62A;&#x631;&#x628;&#x64A;&#x629;</subfield>
    <subfield code="9">21186</subfield>
    <subfield code="v">&#x645;&#x639;&#x627;&#x62C;&#x645;</subfield>
  </datafield>
  <datafield tag="700" ind1=" " ind2=" ">
    <subfield code="a">&#x648;&#x64A;&#x646;&#x60C; &#x631;&#x627;&#x644;&#x641; &#x646;</subfield>
    <subfield code="9">21188</subfield>
    <subfield code="e">&#x62A;&#x62C;&#x645;&#x64A;&#x639;</subfield>
  </datafield>
  <datafield tag="700" ind1=" " ind2=" ">
    <subfield code="a">&#x627;&#x644;&#x639;&#x631;&#x64A;&#x627;&#x646; &#x60C; &#x645;&#x62D;&#x645;&#x62F; &#x639;&#x644;&#x649;</subfield>
    <subfield code="9">21189</subfield>
    <subfield code="e">&#x62A;&#x631;&#x62C;&#x645;&#x629; &#x648;&#x62A;&#x642;&#x62F;&#x64A;&#x645;</subfield>
  </datafield>
  <datafield tag="942" ind1=" " ind2=" ">
    <subfield code="c">BB</subfield>
    <subfield code="k">370.3 &#x62F; &#x64A; &#x648;</subfield>
    <subfield code="2">ddc</subfield>
  </datafield>
  <datafield tag="999" ind1=" " ind2=" ">
    <subfield code="c">6787</subfield>
    <subfield code="d">6787</subfield>
  </datafield>
  <datafield tag="952" ind1=" " ind2=" ">
    <subfield code="0">0</subfield>
    <subfield code="1">0</subfield>
    <subfield code="2">ddc</subfield>
    <subfield code="4">0</subfield>
    <subfield code="7">0</subfield>
    <subfield code="8">Alef-Baa</subfield>
    <subfield code="a">MAIN</subfield>
    <subfield code="b">MAIN</subfield>
    <subfield code="c">1ST</subfield>
    <subfield code="d">2007-12-06</subfield>
    <subfield code="e">purchase</subfield>
    <subfield code="o">370.3 &#x62F; &#x64A; &#x648;</subfield>
    <subfield code="p">000008437</subfield>
    <subfield code="r">2025-07-15 00:00:00</subfield>
    <subfield code="y">BB</subfield>
  </datafield>
</record>
